000 00819nam a22002297a 4500
999 _c9854
_d9854
003 AR-CdUCM
008 190328b ||||| |||| 00| 0 spa d
040 _aMUNICIPALIDAD PROVINCIAL DEL CUSCO
_cBIBLIOTECA MUNICIPAL DEL CUSCO
041 _hger
082 _24ed.
_a611.08 /
_bSC29 / 1950
100 _aSchumacher, S.
_926350
245 _aCompendio de Histología humana :
_bPara estudiantes de medicina, odontología y ciencias naturales /
260 _aBarcelona :
_bLabor,
_c1950.
300 _a258 páginas ;
_bilustraciones,figuras,
_c23 cm.
505 _aContenido: La célula -- Los tejidos -- Los órganos.
650 _aCuerpo humano
_918643
650 _aÓrganos
_926351
650 _aMedicina humana
_918640
700 _aÁlvarez Zamora, R. (traducción)
_926352
942 _2ddc
_cLIBROS
945 _aachl